El espiritu de la naturaleza /

Guardado en:
Autor Principal: Emerson Ralph Waldo
Formato: Libro
Publicado: Buenos Aires : Errepar, 1998
Etiquetas: Agregar Etiqueta
Sin Etiquetas, Sea el primero en etiquetar este registro!
LEADER 00419nam a22001455a 4500
001 CEM.cems016494
005 20090825103719.0
008 130507s1998##################000#0#####d
003 CEMS
082 0 4 |a 146 
100 1 |a Emerson Ralph Waldo 
245 1 0 |a El espiritu de la naturaleza /  |c Ralph Waldo Emerson, 
260 |a Buenos Aires :  |b Errepar,  |c 1998 
300 |a 95 p. 
859 |a CEMS  |b BIB. CEMS - 11 de abril  |h 146  |i EM34  |p 21289.01  |t Ej.1